00486nam a22001577a 450000500170000000800410001702000280005804100130008608200150009910000260011424500520014025000200019226000550021230000350026765000260030220231102141943.0231102b |||||||| |||| 00| 0 eng d a0409032964 ; 0409932972 aEnglish  a346.6 HEN  aMeskin, PM lEnglish  aHenochsberg on the Companies Act / cPM Meskin  aFourth Edition  aDurban : bButterworth Publishers (Pty) Ltd,c1985 blxxvi, 561 pages ; c25,5 cm.  aLegal practice bLaw